| 000 | 00783cam a22002413a 4500 | ||
|---|---|---|---|
| 001 | 18830 | ||
| 003 | PGUSA | ||
| 005 | 20140828083412.0 | ||
| 008 | 060715s2006||||xxu|||||s|||||000 | eng d | ||
| 040 |
_aPGUSA _beng |
||
| 042 | _adc | ||
| 050 | 4 | _aBX | |
| 245 | 1 | 0 |
_aMahal na Ejercicio รณ Devocion nang Pitong Arao na Domingo : _bNa pinagcalooban nang santo papa nang indulgencia plenaria sa balang domingo _h[electronic resource] |
| 260 |
_bProject Gutenberg, _c2006 |
||
| 506 | _aPublic domain in the USA. | ||
| 516 | _aElectronic text | ||
| 653 | _aNovenas | ||
| 653 | _aCatholic Church -- Prayers and devotions -- Tagalog | ||
| 700 | 1 | _aPuansen, Antonio Florentino | |
| 830 | 0 |
_aProject Gutenberg _v18830 |
|
| 856 | 4 | 0 | _uhttp://www.gutenberg.org/ebooks/18830 |
| 942 | _cEB | ||
| 999 |
_c248085 _d248085 |
||